Die sprache der altfranzösischen liederhandschrift nr. 389 der Stadtbibliothek zu Bern ... (Record no. 23399)

MARC details
000 -LEADER
fixed length control field 00726cam a22002291 4500
001 - CONTROL NUMBER
control field g 01000111
003 - CONTROL NUMBER IDENTIFIER
control field DLC
005 - DATE AND TIME OF LATEST TRANSACTION
control field 20260227111250.0
008 - FIXED-LENGTH DATA ELEMENTS--GENERAL INFORMATION
fixed length control field 940420s1898 gw 000 0 ger
010 ## - LIBRARY OF CONGRESS CONTROL NUMBER
LC control number g 01000111
035 ## - SYSTEM CONTROL NUMBER
System control number (OCoLC)30305923
040 ## - CATALOGING SOURCE
Original cataloging agency DLC
Transcribing agency CU
Modifying agency CU
-- OCoLC
-- DLC
042 ## - AUTHENTICATION CODE
Authentication code premarc
050 00 - LIBRARY OF CONGRESS CALL NUMBER
Classification number PC2873.B5
Item number S5
100 2# - MAIN ENTRY--PERSONAL NAME
Personal name Seydlitz-Kurzbach, Hans von,
Dates associated with a name 1866-
245 04 - TITLE STATEMENT
Title Die sprache der altfranzösischen liederhandschrift nr. 389 der Stadtbibliothek zu Bern ...
260 ## - PUBLICATION, DISTRIBUTION, ETC.
Place of publication, distribution, etc. Halle a. S.,
Name of publisher, distributor, etc. Druck von E. Karras,
Date of publication, distribution, etc. 1898.
300 ## - PHYSICAL DESCRIPTION
Extent 1 p. l., 88, [2] p.
Dimensions 22 cm.
410 20 - SERIES STATEMENT/ADDED ENTRY--CORPORATE NAME [OBSOLETE, CAN/MARC], [LOCAL, USA]
Corporate name or jurisdiction name as entry element Universität Heidelberg.
Title of a work Dissertationen.
Volume number/sequential designation v. 42, no. 8
502 ## - DISSERTATION NOTE
Dissertation note Inaug.-diss.--Halle.
500 ## - GENERAL NOTE
General note Vita.

No items available.

Powered by Koha